01055nam a22002777a 4500003000400000005001700004008004100021020003500062040001100097082002900108245010800137260006400245300001800309490005300327504006500380650003900445650002700484650003500511650002800546650003100574650004100605700002200646800003500668800003600703800003800739OSt20251027105634.0230713b ||||| |||| 00| 0 eng d a978-1-138-59136-3c(paperback) cNMSCST aGrad 428.0071bM549 2020 aMentoring English teachers in the secondary school : ba practical guide / cedited by Debbie Hickman.  aAbingdo, Oxon :bRoutledge, Taylor & Francis Group, c2020. axv, 175 pages a(Mentoring trainee and newly qualified teachers) aIncludes bibliographical references (pp. 163-171) and index. aHigh school teachers--Training of  aTeachers--Training of  aEnglish teachers--Training of  aMentoring in education  aLanguage arts (Secondary)  aLanguage arts teachers--Training of  aHickman, Debbie.  aCapel, Susan, eseries editor. aWright, Trevor,eseries editor. aLawrence, Julia, eseries editor.